00694nam a2200181 i 4500001000700000003000700007005001700014008004100031080001700072100002000089245009700109260003600206300004300242490002500285505007200310830002500382852010500407189117SpMaBN20230906223401.0190401q1928 sp a |||| | spa d a86-311.2"19"1 aFerry, Gabriel.13aEl cazador nómada b: versión española / cGabriel Ferry (Louis de Bellemare) [seud.]. aBarcelona : bJuventud, c1928. a1 v. (4 t. en 1 v.) : bil. ; c23 cm.1 aColección aventura8 aContiene: t. 1 (95 p.) - t. 2 (96 p.) - t. 3 (93 p.) - t. 4 (75 p.)0 aColección aventura aES-MaACLjL-32282 z- Enc. cart. z. - Donat. herederos de la bibl. de Mª del Pilar Costa Palacín